000 00753nam a2200193 i 4500
001 176717
003 ES-MaACL
005 20250815015001.0
008 110203q1880 sp 001 0 spa d
245 0 1 _a[Historias clínicas].
260 _a[S.l. :
_bs.n.,
_cca. 1880]
300 _a1 v. (pag. var.) :
_bil. ;
_c20 cm.
505 8 _aContiene: Historias clínicas del 15 de diciembre al 28 de febrero, p. 83-171 . Historias clínicas del 28 de febrero al 15 de mayo, p. 172-291
594 _aTít. tomado de portadilla; ejemplar sin portada.
650 7 _aHistorias clínicas
_2embne
_9145023
650 7 _aMedicina clínica
_2embne
_914921
852 4 _aES-MaACL
_jT-361-F-5
_z- Legado Gustavo Sáenz Díez
999 _c176717
_d176717